000 00885nam a2200289Ia 4500
003 OSt
005 20221005091016.0
006 a|||||r|||| 00| 0
007 ta
008 221004b |||||||| |||| 00| 0 eng d
020 _a0199251509
_c3080
024 _a85286
037 _b382, 24/03/2006, Bhartiya Sahitya Bhawan
_cTextual
040 _aCRL
_cCRL
_beng
041 _2eng
_aeng
082 _aR3xC67:g(W), P5
100 _aRosler Andres
_9615799
245 0 _aPolitical authority and obligation in Aristotle
260 _aNew York
_bOxford University Press U. S. A.
_c2005
300 _a298p.
_ccm.
490 _aOxford Aristotle Studies
650 _a ARISTOTLE
_9416435
650 _a PHILOSOPHY
650 _aPHILOSOPHERS
942 _hR3xC67:g(W), P5
_cTEXL
_2cc
999 _c996707
_d996707